000
00292nam a22001097a 4500
082
_a
668.4
_b
MIL
_c
L-31, P-68
245
_a
Plastics Microstructure Properties and Applications
300
_a
300P.:
_b
ill.;
526
_a
0
_b
0
_c
0
_d
668_400000000000000_MIL
650
_a
MCE
_9
379
942
_2
ddc
_c
BK
999
_c
548553
_d
548553